States with the Most Outback Steakhouse Locations Quiz - Statistics

General Stats
  • This quiz has been taken 89 times
    31 since last reset
  • The average score is 6 of 10
Answer Stats
# State % Correct
41 California
96%
96 Florida
96%
52 Texas
91%
26 Georgia
70%
23 Pennsylvania
57%
38 North Carolina
52%
31 Ohio
48%
24 Maryland
43%
31 Virginia
39%
22 South Carolina
30%
No matching quizzes found
Score Distribution
Percent of People with Each Score
Percentile by Number Answered
Your Score History
You have not taken this quiz since the last reset